00940nam a2200229 a 450000100060000000300080000600500170001400800410003103500190007204000350009104100080012608200240013410000220015824501560018026000720033630000300040850200780043850400360051660000500055260000660060270000420066878540BD-RjUL20211209083136.0211003s2006 bg ||||| m||| 00| 0 eng d a(BD-RjUL)78766 aBD-RjULbengcBD-RjULdBD-RjUL aeng a181.4bJAR 2006223 aJabbar, Md. Abdul10aRaja Rammohan Roy and Sir Syed Ahmed Khan :bA Comparative study of Philosophical Thoughts /cMd. Abdul Jabbar ;6Supervisor : Md. Abdul Haye Talukder aRajshahi :bDepartment of Philosophy, University of Rajshahi,c2006 axiv, 341 Leaves ;c29 cm. aThesis (Ph. D.) -- Department of Philosophy, University of Rajshahi, 2006 aBibliography : Leaves [314]-342 aRoy, Raja Rammohun, d1772-1833xPhilosophy.  aK̲h̲ān̲, Sir Sayyid Aḥmad, d1817-1898. cPhilosophy.  aTalukder, Md. Abdul Haye, Supervisor